Minas submarinas, torpedos flotantes, cables eléctricos y cerradores de circuitos
Salvato in:
| Autore principale: | |
|---|---|
| Natura: | Libro |
| Lingua: | spagnolo |
| Pubblicazione: |
Valparaíso
Imprenta de La Patria, calle del Almendro, núm. 16
1888
|
| Edizione: | 1a. ed |
| Soggetti: | |
| Tags: |
Aggiungi Tag
Nessun Tag, puoi essere il primo ad aggiungerne!!
|
MARC
| LEADER | 00000nam a2200000 a 4500 | ||
|---|---|---|---|
| 001 | UCJ8067 | ||
| 003 | CL-VaPUC | ||
| 008 | 070124e18880000CL |||||||||||||||||spa|d | ||
| 082 | 0 | 4 | |a 359 |b BEA |2 21 |
| 100 | 0 | |a Beaugency A., Ricardo |e author |9 516773 | |
| 245 | 1 | 0 | |a Minas submarinas, torpedos flotantes, cables eléctricos y cerradores de circuitos |
| 250 | |a 1a. ed | ||
| 300 | |a 75 p | ||
| 942 | |c BK | ||
| 945 | |d 20070124 00:00:00 |a rinostro | ||
| 260 | |a Valparaíso |b Imprenta de La Patria, calle del Almendro, núm. 16 |c 1888 | ||
| 500 | |a 17 láminas plegadas fuera de texto | ||
| 650 | 7 | |a MINAS DE GUERRA |2 CL-VaPUC |9 511640 | |
| 650 | 7 | |a TORPEDOS |2 CL-VaPUC |9 507039 | |
| 650 | 7 | |a EXPLOSIVOS |2 CL-VaPUC |9 436526 | |
| 650 | 0 | |a Ilustraciones |9 369481 | |
| 583 | |a last modification |c 20070124 00:00:00 |k Rodrigo Vera | ||
| 999 | |c 323910 |d 323908 | ||
| 952 | |0 0 |1 0 |4 0 |6 359_000000000000000_BEA_1888 |7 0 |8 X |9 403768 |a FDOBUD |b FDOBUD |d 2019-11-22 |i 1072501 |o 359 BEA 1888 |p 1072501 |r 2019-11-22 |w 2019-11-22 |y BK_X |k BUD | ||